| 000 | 01953cam a22003734a 4500 | ||
|---|---|---|---|
| 001 | 13660885 | ||
| 003 | NUST - PNEC | ||
| 005 | 20170116180850.0 | ||
| 008 | 040719s2004 enka 001 0 eng | ||
| 010 | _a 2004016911 | ||
| 020 | _a0470857722 (alk. paper) | ||
| 035 | _a(DNLM)101224752 | ||
| 040 |
_aDNLM/DLC _cLIBRARY _dDLC |
||
| 042 | _apcc | ||
| 050 | 0 | 0 |
_aQH324.2 _b.W47 2004 |
| 060 | 1 | 0 |
_aQU 26.5 _bW536b 2004 |
| 082 | 0 | 0 | _a572.80285 WES |
| 100 | 1 |
_aWeston, Paul, _cHGMP. |
|
| 245 | 1 | 0 |
_aBioinformatics software engineering : _bdelivering effective applications / _cPaul Weston. |
| 260 |
_aChichester, West Sussex, England ; _aHoboken, NJ : _bJohn Wiley & Sons Ltd., _cc2004. |
||
| 300 |
_ax, 125 p. : _bill. ; _c25 cm. |
||
| 500 | _aIncludes index. | ||
| 505 | 0 | _aWhat you need to know -- What is software engineering? -- Project definition -- Requirements capture -- Separating function, interface, and implementation -- Implementation considerations -- Proof of concept, prototyping, and buy-in -- Data in, data out, and data transformation -- Where to start? -- Functional, then optimized -- Coding style -- Writing the friendly manual -- Testing - what and when -- Rollout and delivery -- Support and feedback -- Planned and unplanned enhancements -- Project signoff. | |
| 650 | 0 |
_aBioinformatics. _xME, MIS |
|
| 650 | 0 | _aSoftware engineering. | |
| 650 | 1 | 2 | _aComputational Biology. |
| 650 | 2 | 2 | _aSoftware Design. |
| 856 | 4 | 1 |
_3Table of contents only _uhttp://www.loc.gov/catdir/toc/ecip0420/2004016911.html |
| 856 | 4 | 2 |
_3Contributor biographical information _uhttp://www.loc.gov/catdir/enhancements/fy0616/2004016911-b.html |
| 856 | 4 | 2 |
_3Publisher description _uhttp://www.loc.gov/catdir/enhancements/fy0616/2004016911-d.html |
| 906 |
_a7 _bcbc _corignew _d1 _eecip _f20 _gy-gencatlg |
||
| 942 |
_2ddc _cBK |
||
| 999 |
_c64573 _d64573 |
||